Mayadushyanthan/ (Record no. 143141)

000 -LEADER
fixed length control field 00436nam a22001577a 4500
020 ## - INTERNATIONAL STANDARD BOOK NUMBER
International Standard Book Number 978000019482
082 ## - DEWEY DECIMAL CLASSIFICATION NUMBER
Classification number M2
Item number KAL/M
100 ## - MAIN ENTRY--PERSONAL NAME
Personal name Kaladharan K
9 (RLIN) 180273
245 ## - TITLE STATEMENT
Title Mayadushyanthan/
Statement of responsibility, etc. by Kaladharan K
260 ## - PUBLICATION, DISTRIBUTION, ETC.
Place of publication, distribution, etc. Kottayam:
Name of publisher, distributor, etc. Sahithya Pravathaka Co-operative Society,
Date of publication, distribution, etc. 2013.
300 ## - PHYSICAL DESCRIPTION
Extent 112p.
650 ## - SUBJECT ADDED ENTRY--TOPICAL TERM
Topical term or geographic name entry element Drama Malayalam
9 (RLIN) 180274
650 ## - SUBJECT ADDED ENTRY--TOPICAL TERM
Topical term or geographic name entry element Literature Malayalam
9 (RLIN) 180275
650 ## - SUBJECT ADDED ENTRY--TOPICAL TERM
Topical term or geographic name entry element Literature
9 (RLIN) 180276
942 ## - ADDED ENTRY ELEMENTS (KOHA)
Koha item type Book
Holdings
Withdrawn status Lost status Damaged status Not for loan Permanent Location Current Location Shelving location Date acquired Cost, normal purchase price Total Checkouts Full call number Barcode Date last seen Price effective from Koha item type
        Sree Sankaracharya University of Sanskrit Sree Sankaracharya University of Sanskrit Stacks 05.10.2019 80.00   M2 KAL/M 096570 05.10.2019 05.10.2019 Book